000
00295nam a2200121Ia 4500
008
220214s9999 xx 000 0 und d
100
_a
Ser C S
245
0
_a
Steam bending properties of rubberwood
260
_b
Malaysian Forester
_c
1980
300
_a
506-510
700
_a
Lim S C
942
_c
RE
999
_c
45959
_d
45959